000 00425nam a2200181Ia 4500
003 0100
005 20150401114627.0
008 130303s9999 xx 000 0 und d
040 _cARRUPELIB
050 _aBL2775.3.D39 2006
100 _aDawkins, Richard
_916870
245 4 _aThe God delusion
260 _aLondon
_c2006
260 _bBlack Swan
300 _a463p.
300 _b 20cm.
942 _2lcc
_09
_cMONOGRAPH
999 _c63057
_d63057